[Event "Benidorm FEDC op 12th"]
[Site "Benidorm"]
[Date "2012.06.19"]
[Round "3"]
[White "Quintana Rodriguez, Eugenio"]
[Black "Codina Sentias, Teresa"]
[Result "1-0"]
[WhiteElo "1386"]
[BlackElo "100"]
[PlyCount "25"]
[EventDate "2012.06.17"]
[EventType "swiss"]
[EventRounds "7"]
[EventCountry "ESP"]
[SourceTitle "EXT 2024"]
[Source "ChessBase"]
[SourceDate "2023.10.10"]
[SourceVersion "1"]
[SourceVersionDate "2023.10.10"]
[SourceQuality "1"]

1. d4 Nf6 2. Nf3 d5 3. c4 c6 4. Nc3 e6 5. Bg5 Nbd7 6. cxd5 cxd5 7. Rc1 Bb4 8. a3 Bxc3+ 9. Rxc3 0-0 10. e3 a6 11. Bd3 b5 12. 0-0 Bb7 13. b4 1-0